| 000 | 00569nam a2200205Ia 4500 | ||
|---|---|---|---|
| 005 | 20230517110029.0 | ||
| 008 | 131103s9999 xx 000 0 und d | ||
| 020 | _a671086227 | ||
| 040 | _aLoreto College | ||
| 041 | _aEnglish | ||
| 082 |
_a823.91 _bKIP |
||
| 100 | _aKipling,Rudyard | ||
| 245 | 4 |
_aThe Jungle Book and other stories _cRudyard Kipling |
|
| 260 |
_aNew York _bExeter Books _c1901 |
||
| 300 | _a670 p. | ||
| 504 | _aThe Second Jungle Book;Just so stories;Puck of Pook's Hill;Kim | ||
| 650 | _aFiction in English | ||
| 850 | _aLCLIB | ||
| 942 | _cBK | ||
| 999 |
_c17207 _d67686 |
||